REINZ (Record no. 120670)

MARC details
000 -LEADER
fixed length control field 00657cai a22001815a 4500
001 - CONTROL NUMBER
control field L144433
008 - FIXED-LENGTH DATA ELEMENTS--GENERAL INFORMATION
fixed length control field 080721u xxk g 000 0 eng d
035 ## - SYSTEM CONTROL NUMBER
System control number (Sirsi) u144433
041 0# - LANGUAGE CODE
Language code of text/sound track or separate title eng
110 2# - MAIN ENTRY--CORPORATE NAME
Corporate name or jurisdiction name as entry element Real Estate Institute of New Zealand inc
9 (RLIN) 404
245 00 - TITLE STATEMENT
Title REINZ
Remainder of title Real Estate Institute of New Zealand inc
Medium [electronic resource]
520 ## - SUMMARY, ETC.
Summary, etc. Selection of real estate resources for New Zealand, including market trends, careers and general advice.
590 ## - LOCAL NOTE (RLIN)
Local note KA
651 #4 - SUBJECT ADDED ENTRY--GEOGRAPHIC NAME
Geographic name New Zealand
Chronological subdivision 1947-
690 ## - LOCAL SUBJECT ADDED ENTRY--TOPICAL TERM (OCLC, RLIN)
Topical term or geographic name as entry element PROPERTY-PROPERTY AGENCY
856 40 - ELECTRONIC LOCATION AND ACCESS
Uniform Resource Identifier <a href="https://www.reinz.co.nz/">https://www.reinz.co.nz/</a>
Public note View the website free of charge at www.reinz.co.nz...
942 ## - ADDED ENTRY ELEMENTS (KOHA)
Suppress in OPAC 0
Holdings
Withdrawn status Lost status Source of classification or shelving scheme Damaged status Not for loan Home library Current library Shelving location Date acquired Total Checkouts Full call number Barcode Date last seen Copy number Price effective from Koha item type
    Dewey Decimal Classification     Virtual Virtual Online 21/07/2008   ONLINE PUBLICATION 144433-2001 06/08/2019 1 06/08/2019 Online material